[Event "2. Bundesliga West 2015/16"]
[Site "Voels Theatersaal"]
[Date "2016.01.22"]
[Round "6"]
[Board "2"]
[White "Krstic, Uros"]
[Black "Lanka, Zigurds"]
[Result "1/2-1/2"]
[WhiteElo "2428"]
[BlackElo "2422"]
[PlyCount "99"]
[EventDate "2015.10.16"]
[EventType "team"]
[EventRounds "11"]
[EventCountry "AUT"]
[WhiteTeam "Schwarzach"]
[BlackTeam "Zillertal"]

1. e4 c5 2. Nf3 Nc6 3. d4 cxd4 4. Nxd4 Nf6 5. Nc3 d6 6. h3 e6 7. Be3 Be7 8. g4
O-O 9. Bg2 Nd7 10. Qe2 Nxd4 11. Bxd4 Ne5 12. O-O-O Ng6 13. Kb1 Nf4 14. Qf3 Nxg2
15. Qxg2 Bd7 16. f4 Rc8 17. g5 Bc6 18. Rhg1 b5 19. Ne2 Qc7 20. Ng3 e5 21. Bc3
Qb7 22. fxe5 b4 23. Bd4 dxe5 24. Bxe5 Rfe8 25. Rge1 Bf8 26. Bd6 Bxd6 27. Rxd6
g6 28. h4 a5 29. Rd4 Rcd8 30. Qd2 Qc7 31. e5 Rxd4 32. Qxd4 Rd8 33. Qe3 Bd5 34.
b3 Rc8 35. Re2 Qc5 36. Qxc5 Rxc5 37. Re3 Kf8 38. Ne2 Be6 39. c4 bxc3 40. Nxc3
Ke7 41. Kb2 Kd8 42. Ne2 Ke7 43. Nd4 Bd7 44. Re4 Rd5 45. Kc3 Rc5+ 46. Kd2 Rd5
47. Ke3 Rc5 48. Kd2 Rd5 49. Kc3 Rc5+ 50. Kd2 1/2-1/2

[Event "2. Bundesliga West 2015/16"]
[Site "Voels Theatersaal"]
[Date "2016.01.22"]
[Round "6"]
[Board "3"]
[White "Hausner, Ivan"]
[Black "Brumen, Dinko"]
[Result "1-0"]
[WhiteElo "2332"]
[BlackElo "2359"]
[PlyCount "103"]
[EventDate "2015.10.16"]
[EventType "team"]
[EventRounds "11"]
[EventCountry "AUT"]
[WhiteTeam "Zillertal"]
[BlackTeam "Schwarzach"]

1. d4 Nf6 2. c4 e6 3. Nc3 d5 4. Bg5 Nbd7 5. e3 c6 6. cxd5 exd5 7. Bd3 Be7 8.
Nf3 O-O 9. Qc2 Re8 10. O-O Nf8 11. Rab1 a5 12. a3 Ng6 13. Bxf6 Bxf6 14. Bf5 Be7
15. b4 axb4 16. axb4 Bd6 17. b5 Nh4 18. Nxh4 Qxh4 19. g3 Qh5 20. Bxc8 Raxc8 21.
bxc6 bxc6 22. Qe2 Qf5 23. Rfc1 h5 24. Rb7 h4 25. g4 Qg6 26. Qf3 Ra8 27. h3 Re6
28. Kg2 Rf6 29. Qe2 Re8 30. Qc2 Qg5 31. Nd1 Re4 32. Qxc6 Rxg4+ 33. hxg4 Qxg4+
34. Kf1 h3 35. Qc8+ Qxc8 36. Rxc8+ Kh7 37. f4 g5 38. Nf2 h2 39. Kg2 gxf4 40.
exf4 Rxf4 41. Rc1 Rf6 42. Ng4 Rg6 43. Kh3 Kg8 44. Rh1 Kf8 45. Ne5 Rh6+ 46. Kg2
f6 47. Ng4 Rh4 48. Nxh2 Rxd4 49. Nf3 Rg4+ 50. Kf2 Kg8 51. Rc1 Bg3+ 52. Kf1 1-0

[Event "2. Bundesliga West 2015/16"]
[Site "Voels Theatersaal"]
[Date "2016.01.22"]
[Round "6"]
[Board "4"]
[White "Stajner, Samo"]
[Black "Tabernig, Bernhard"]
[Result "1-0"]
[WhiteElo "2351"]
[BlackElo "2328"]
[PlyCount "89"]
[EventDate "2015.10.16"]
[EventType "team"]
[EventRounds "11"]
[EventCountry "AUT"]
[WhiteTeam "Schwarzach"]
[BlackTeam "Zillertal"]

1. d4 d5 2. c4 c6 3. Nf3 Nf6 4. e3 Bf5 5. Nc3 e6 6. Nh4 Bg4 7. Qb3 Qb6 8. f3
Bh5 9. g4 Bg6 10. g5 Nfd7 11. Nxg6 hxg6 12. Qc2 Be7 13. f4 a5 14. Bd3 Na6 15.
c5 Qc7 16. a3 b6 17. b4 Qb7 18. Qa4 axb4 19. Bxa6 Rxa6 20. Qxb4 Qa8 21. Ne2
bxc5 22. dxc5 Nxc5 23. Qc3 f6 24. Ng3 Ra4 25. Qc2 Kf7 26. O-O Rc4 27. Qe2 Qa4
28. Ra2 Ne4 29. Nxe4 Rxe4 30. Rb2 Rc4 31. Rb7 Ra8 32. gxf6 gxf6 33. Bd2 Ra7 34.
Rb8 Rc2 35. Qg2 Ra8 36. Rb7 Ra7 37. Rb8 Rxd2 38. Qh3 e5 39. fxe5 f5 40. Qh7+
Ke6 41. Qxg6+ Kxe5 42. Rxf5+ Ke4 43. Rf4+ Kxe3 44. Qg3+ Ke2 45. Qf3+ 1-0

[Event "2. Bundesliga West 2015/16"]
[Site "Voels Theatersaal"]
[Date "2016.01.22"]
[Round "6"]
[Board "5"]
[White "Kupfner, Franz"]
[Black "Ljubic, Juro"]
[Result "1-0"]
[WhiteElo "2200"]
[BlackElo "2213"]
[PlyCount "107"]
[EventDate "2015.10.16"]
[EventType "team"]
[EventRounds "11"]
[EventCountry "AUT"]
[WhiteTeam "Zillertal"]
[BlackTeam "Schwarzach"]

1. Nf3 Nf6 2. c4 e6 3. b3 b6 4. g3 Bb7 5. Bg2 c5 6. Bb2 Be7 7. O-O O-O 8. Nc3
d6 9. d4 Nbd7 10. d5 exd5 11. cxd5 a6 12. e4 b5 13. Re1 Ne8 14. Qd2 Bf6 15.
Rad1 Nc7 16. Ne2 Re8 17. Nf4 Rb8 18. Nh3 Bxb2 19. Qxb2 f6 20. Nf4 Bc8 21. h3 b4
22. Nd2 Ne5 23. Nc4 Nb5 24. Ne2 a5 25. Ne3 Ra8 26. f4 Nd7 27. Kh2 Nb6 28. f5 a4
29. Rf1 Qe7 30. Rd2 Bd7 31. Rc1 axb3 32. axb3 Ra3 33. Nc4 Nxc4 34. bxc4 Nc7 35.
Nf4 Rea8 36. Ne6 Be8 37. Rg1 R8a6 38. Bf1 Rc3 39. g4 Nxe6 40. dxe6 Raa3 41. Bg2
Rxc4 42. Rgd1 Ba4 43. Re1 h6 44. Ra1 Rxa1 45. Qxa1 b3 46. Qd1 Qc7 47. e5 fxe5
48. Bd5 Rd4 49. Rxd4 exd4 50. e7+ Kh7 51. Qd3 b2 52. f6+ g6 53. Bf7 d5+ 54. Kg2
 1-0

[Event "2. Bundesliga West 2015/16"]
[Site "Voels Theatersaal"]
[Date "2016.01.22"]
[Round "6"]
[Board "6"]
[White "Stoeckl, Norbert"]
[Black "Schiestl, Josef"]
[Result "0-1"]
[WhiteElo "2094"]
[BlackElo "2128"]
[PlyCount "64"]
[EventDate "2015.10.16"]
[EventType "team"]
[EventRounds "11"]
[EventCountry "AUT"]
[WhiteTeam "Schwarzach"]
[BlackTeam "Zillertal"]

1. e4 c5 2. Nf3 e6 3. d4 cxd4 4. Nxd4 a6 5. Bd3 Bc5 6. Nb3 Ba7 7. Qg4 Nf6 8.
Qh4 Nc6 9. O-O d6 10. a4 Ne5 11. Nc3 Bd7 12. Kh1 Nfg4 13. Qg3 h5 14. Be2 h4 15.
Qf4 g5 16. Qd2 Nxf2+ 17. Rxf2 Bxf2 18. Qxd6 Ng6 19. e5 Bc6 20. Qxd8+ Rxd8 21.
Na5 Nxe5 22. Bxg5 Rd7 23. Bf6 Rg8 24. Nxc6 Nxc6 25. Ne4 Rg6 26. c3 Bb6 27. Bxh4
Bd8 28. Bg3 Bc7 29. Nc5 Rd2 30. Bh5 Rxg3 31. hxg3 Rd5 32. Nxe6 Rxh5+ 0-1

[Event "2. Bundesliga West 2015/16"]
[Site "Voels Theatersaal"]
[Date "2016.01.22"]
[Round "6"]
[Board "1"]
[White "Zelbel, Patrick"]
[Black "Nestorovic, Nikola"]
[Result "1/2-1/2"]
[WhiteElo "2441"]
[BlackElo "2470"]
[PlyCount "90"]
[EventDate "2015.10.16"]
[EventType "team"]
[EventRounds "11"]
[EventCountry "AUT"]
[WhiteTeam "SPG Voels/HAK/HAS Innsbruck"]
[BlackTeam "SIR Bernhard 2"]

1. e4 e5 2. Nf3 Nc6 3. Bb5 a6 4. Ba4 Nge7 5. Nc3 Ng6 6. O-O Bc5 7. Nd5 O-O 8.
c3 Ba7 9. d4 d6 10. h3 Nce7 11. Re1 Nxd5 12. exd5 Bf5 13. Be3 f6 14. Bc2 Qd7
15. Bxf5 Qxf5 16. Qb3 Rab8 17. Qc4 e4 18. Nd2 Bb6 19. a4 a5 20. Qb5 Rbe8 21. c4
Qh5 22. Nf1 f5 23. Ng3 Qh4 24. Nxf5 Qf6 25. g4 Nh4 26. Nxh4 Qxh4 27. Kg2 Re7
28. c5 Ref7 29. Qe2 Ba7 30. Rh1 Rf3 31. Rac1 Qf6 32. Rc3 Qf7 33. Qc2 h5 34.
cxd6 cxd6 35. Rc8 Qxd5 36. Qc4 Qxc4 37. Rxc4 hxg4 38. hxg4 d5 39. Rc7 R3f7 40.
Rhc1 Bb6 41. Rc8 Rxc8 42. Rxc8+ Rf8 43. Rc3 Rf7 44. Rc8+ Rf8 45. Rc3 Rf7
 1/2-1/2

[Event "2. Bundesliga West 2015/16"]
[Site "Voels Theatersaal"]
[Date "2016.01.22"]
[Round "6"]
[Board "2"]
[White "Durakovic, Alman"]
[Black "Berchtenbreiter, Maximilian"]
[Result "1-0"]
[WhiteElo "2314"]
[BlackElo "2384"]
[PlyCount "79"]
[EventDate "2015.10.16"]
[EventType "team"]
[EventRounds "11"]
[EventCountry "AUT"]
[WhiteTeam "SIR Bernhard 2"]
[BlackTeam "SPG Voels/HAK/HAS Innsbruck"]

1. d4 Nf6 2. c4 a6 3. Nc3 c5 4. dxc5 e6 5. e4 Qc7 6. Be3 Bxc5 7. Bxc5 Qxc5 8.
Nf3 Nc6 9. Be2 O-O 10. O-O b5 11. cxb5 axb5 12. Rc1 Qb6 13. Bxb5 Nxe4 14. Nxe4
Qxb5 15. Nd6 Qb8 16. Nxc8 Qxc8 17. Ne5 Rd8 18. Qh5 g6 19. Qh4 Rxa2 20. Rfd1
Nxe5 21. Rxc8 Rxc8 22. Qf6 d6 23. h3 Ra6 24. b3 Re8 25. f4 Nd7 26. Qc3 Rea8 27.
Qc7 R8a7 28. Qd8+ Kg7 29. Rc1 Nc5 30. b4 Nd3 31. Rc8 Nxf4 32. Qf8+ Kf6 33. Qd8+
Kf5 34. Rc2 Ra1+ 35. Kh2 Rd1 36. g3 Nd5 37. Qh4 Rd3 38. Rf2+ Ke5 39. Re2+ Ne3
40. Rxe3+ 1-0

[Event "2. Bundesliga West 2015/16"]
[Site "Voels Theatersaal"]
[Date "2016.01.22"]
[Round "6"]
[Board "3"]
[White "Wachinger, Guenther"]
[Black "Pflug, Mathias"]
[Result "1/2-1/2"]
[WhiteElo "2233"]
[BlackElo "2259"]
[PlyCount "39"]
[EventDate "2015.10.16"]
[EventType "team"]
[EventRounds "11"]
[EventCountry "AUT"]
[WhiteTeam "SPG Voels/HAK/HAS Innsbruck"]
[BlackTeam "SIR Bernhard 2"]

1. d4 g6 2. c4 Bg7 3. Nc3 c5 4. d5 Bxc3+ 5. bxc3 f5 6. h4 Qa5 7. Bd2 Nf6 8. Nh3
d6 9. Nf4 Rg8 10. e3 Nbd7 11. f3 Ne5 12. Qb3 Kf7 13. Be2 Rb8 14. Kf2 Bd7 15. a4
Rbf8 16. Qc2 h6 17. Rhb1 Rb8 18. Rh1 Rbf8 19. Rhb1 Rb8 20. Rh1 1/2-1/2

[Event "2. Bundesliga West 2015/16"]
[Site "Voels Theatersaal"]
[Date "2016.01.22"]
[Round "6"]
[Board "4"]
[White "Wieneroiter, Gerald"]
[Black "Meier, Alexander"]
[Result "1-0"]
[WhiteElo "2140"]
[BlackElo "2186"]
[PlyCount "117"]
[EventDate "2015.10.16"]
[EventType "team"]
[EventRounds "11"]
[EventCountry "AUT"]
[WhiteTeam "SIR Bernhard 2"]
[BlackTeam "SPG Voels/HAK/HAS Innsbruck"]

1. Nf3 g6 2. d4 Bg7 3. Bf4 c5 4. c3 cxd4 5. cxd4 Nf6 6. Nc3 O-O 7. e3 d6 8. h3
Bf5 9. Bd3 Bxd3 10. Qxd3 Nbd7 11. e4 Qa5 12. O-O Rfd8 13. Bd2 Qh5 14. Rac1 e5
15. d5 Bh6 16. b4 Bf4 17. Ne2 g5 18. Ng3 Bxg3 19. fxg3 h6 20. Ne1 Rac8 21. Nc2
Qg6 22. Rf5 Ne8 23. Rcf1 f6 24. Ne3 a6 25. R5f2 b5 26. Nf5 Kf7 27. a4 Rc4 28.
axb5 axb5 29. Ra1 Nf8 30. Ra5 Nc7 31. Rxb5 Nxb5 32. Qxc4 Nd4 33. Nxd4 exd4 34.
Qxd4 Nd7 35. Bc3 Ke7 36. b5 Rb8 37. Qb4 Rb7 38. Kh2 h5 39. Rf5 Qg8 40. Qb2 Qg6
41. Bd4 Qh6 42. b6 Qg6 43. Qb5 Qg8 44. Qc6 Qb8 45. h4 gxh4 46. gxh4 Kf7 47.
Rxh5 Kg6 48. Rf5 Kg7 49. h5 Ne5 50. Bxe5 fxe5 51. Qc1 Qd8 52. Qg5+ Qxg5 53.
Rxg5+ Kh7 54. Kg3 Rxb6 55. Kg4 Rb2 56. Kf5 Kh6 57. Rg6+ Kxh5 58. Rxd6 Rxg2 59.
Kxe5 1-0

[Event "2. Bundesliga West 2015/16"]
[Site "Voels Theatersaal"]
[Date "2016.01.22"]
[Round "6"]
[Board "5"]
[White "Hajdarevic, Dino"]
[Black "Huber, Wolfgang"]
[Result "1-0"]
[WhiteElo "2135"]
[BlackElo "2007"]
[PlyCount "89"]
[EventDate "2015.10.16"]
[EventType "team"]
[EventRounds "11"]
[EventCountry "AUT"]
[WhiteTeam "SPG Voels/HAK/HAS Innsbruck"]
[BlackTeam "SIR Bernhard 2"]

1. d4 Nf6 2. Nf3 e6 3. c4 b6 4. g3 Bb7 5. Bg2 Be7 6. Nc3 Ne4 7. Qc2 Nxc3 8.
Qxc3 O-O 9. O-O c5 10. Qc2 Qc8 11. d5 exd5 12. cxd5 d6 13. Ng5 Bxg5 14. Bxg5
Re8 15. Bf4 Qd8 16. e4 Na6 17. Rad1 Rc8 18. Rfe1 b5 19. Qd2 f6 20. Bh3 Ra8 21.
Bg2 Bc8 22. h4 Qb6 23. Be3 Qd8 24. Kh2 Bd7 25. Bf4 Qb6 26. Be3 Qd8 27. Rc1 Nb8
28. f4 Bg4 29. Bf2 Nd7 30. a4 a6 31. axb5 axb5 32. Ra1 Qc7 33. Rxa8 Rxa8 34. e5
Nf8 35. e6 Ng6 36. Rc1 Rd8 37. Ra1 Ne7 38. Ra6 b4 39. b3 Kf8 40. Qa2 Nc8 41.
Rc6 Qb7 42. Qa5 Qe7 43. Rc7 Qe8 44. Bf1 Kg8 45. Rf7 1-0

[Event "2. Bundesliga West 2015/16"]
[Site "Voels Theatersaal"]
[Date "2016.01.22"]
[Round "6"]
[Board "6"]
[White "Jakob, Tobias"]
[Black "Georgiev, Georgi"]
[Result "1/2-1/2"]
[WhiteElo "1883"]
[BlackElo "2107"]
[PlyCount "77"]
[EventDate "2015.10.16"]
[EventType "team"]
[EventRounds "11"]
[EventCountry "AUT"]
[WhiteTeam "SIR Bernhard 2"]
[BlackTeam "SPG Voels/HAK/HAS Innsbruck"]

1. e4 Nf6 2. e5 Nd5 3. c4 Nb6 4. d4 d6 5. exd6 exd6 6. Nc3 Be7 7. h3 Bf5 8. Bd3
Bxd3 9. Qxd3 Nc6 10. Nf3 O-O 11. O-O Bf6 12. Be3 Re8 13. b3 g6 14. Rfe1 Nb4 15.
Qd2 c5 16. Rad1 Bg7 17. a3 Nc6 18. dxc5 dxc5 19. Nd5 Nxd5 20. Qxd5 Qb6 21. Bxc5
Qc7 22. Rxe8+ Rxe8 23. Qd7 Qb8 24. Bd6 Qd8 25. Bf4 Qxd7 26. Rxd7 Re7 27. Rxe7
Nxe7 28. Ne5 Nf5 29. Nd3 Nd4 30. b4 Kf8 31. Kf1 Ke7 32. Be3 Nc2 33. Bxa7 Nxa3
34. c5 Kd7 35. Bb8 Kc6 36. Be5 Bf8 37. Ke2 Kb5 38. Bb2 Nc4 39. Bf6 1/2-1/2

[Event "2. Bundesliga West 2015/16"]
[Site "Voels Theatersaal"]
[Date "2016.01.22"]
[Round "6"]
[Board "1"]
[White "Eybl, Alexander"]
[Black "Drabke, Lorenz"]
[Result "0-1"]
[WhiteElo "2240"]
[BlackElo "2462"]
[PlyCount "76"]
[EventDate "2015.10.16"]
[EventType "team"]
[EventRounds "11"]
[EventCountry "AUT"]
[WhiteTeam "Pradl"]
[BlackTeam "Dornbirn"]

1. e4 c5 2. Nf3 e6 3. d4 cxd4 4. Nxd4 a6 5. c4 Bc5 6. Nb3 Be7 7. Nc3 d6 8. g3
b6 9. Bg2 Bb7 10. O-O Nd7 11. f4 Rc8 12. f5 e5 13. Qe2 Qc7 14. Nd2 Ngf6 15. Kh1
O-O 16. a4 Bc6 17. b3 Qb7 18. b4 Qb8 19. Ba3 a5 20. Rfb1 Qa8 21. Nb5 axb4 22.
Bxb4 Nc5 23. a5 Bxb5 24. cxb5 bxa5 25. Nc4 axb4 26. Rxa8 Rxa8 27. Rxb4 Ra1+ 28.
Bf1 Ncxe4 29. Rb2 d5 30. Nxe5 Bd6 31. Nc6 Re8 32. Qf3 Ng5 33. Qd3 Ng4 34. b6
Ree1 35. Kg1 Rxf1+ 36. Qxf1 Bc5+ 37. Kg2 Ne3+ 38. Kf2 Nxf1+ 0-1

[Event "2. Bundesliga West 2015/16"]
[Site "Voels Theatersaal"]
[Date "2016.01.22"]
[Round "6"]
[Board "2"]
[White "Novkovic, Milan"]
[Black "Sucher, Johannes"]
[Result "1-0"]
[WhiteElo "2380"]
[BlackElo "2169"]
[PlyCount "107"]
[EventDate "2015.10.16"]
[EventType "team"]
[EventRounds "11"]
[EventCountry "AUT"]
[WhiteTeam "Dornbirn"]
[BlackTeam "Pradl"]

1. d4 Nf6 2. Nf3 d5 3. c4 c6 4. e3 e6 5. b3 Bd6 6. Bd3 O-O 7. Nbd2 Nbd7 8. Bb2
Qc7 9. O-O e5 10. cxd5 exd4 11. dxc6 Nc5 12. Nc4 Bg4 13. Nxd6 Bxf3 14. Qxf3
Nxd3 15. Ba3 Ne5 16. Qf5 Nxc6 17. Nb5 Qc8 18. Qxc8 Rfxc8 19. exd4 Rd8 20. Rfd1
Rd7 21. Rac1 a6 22. Nd6 Na7 23. Bc5 Nc6 24. Nc4 Nd5 25. Ne5 Rdd8 26. Nxc6 bxc6
27. Re1 Re8 28. Kf1 f6 29. Bd6 Rxe1+ 30. Kxe1 Rc8 31. Kd2 Kf7 32. Re1 Re8 33.
Rxe8 Kxe8 34. Kd3 Kd7 35. Bf8 Ke6 36. Kc4 g6 37. Kc5 Kd7 38. a3 Nf4 39. Kb6
Nxg2 40. Kxa6 Nf4 41. Kb7 Ne2 42. Bc5 g5 43. a4 g4 44. a5 Nc3 45. a6 Nb5 46. a7
Nxa7 47. Bxa7 Kd6 48. Bb8+ Kd5 49. b4 h5 50. Bg3 f5 51. Kc7 Ke4 52. Kxc6 f4 53.
Bh4 g3 54. hxg3 1-0

[Event "2. Bundesliga West 2015/16"]
[Site "Voels Theatersaal"]
[Date "2016.01.22"]
[Round "6"]
[Board "3"]
[White "Matt, Stefan"]
[Black "Schmidlechner, Alexander"]
[Result "1/2-1/2"]
[WhiteElo "2094"]
[BlackElo "2217"]
[PlyCount "107"]
[EventDate "2015.10.16"]
[EventType "team"]
[EventRounds "11"]
[EventCountry "AUT"]
[WhiteTeam "Pradl"]
[BlackTeam "Dornbirn"]

1. b3 e5 2. Bb2 Nc6 3. e3 Nf6 4. Bb5 d6 5. d4 exd4 6. Qxd4 Bd7 7. Bxc6 Bxc6 8.
Nf3 Be7 9. Nc3 O-O 10. O-O-O a5 11. a4 Qd7 12. e4 Rfb8 13. e5 dxe5 14. Qxe5 Bd6
15. Qd4 Qf5 16. Kb1 Re8 17. Qh4 Qg4 18. Rd4 Qxh4 19. Nxh4 Bc5 20. Rd2 Rad8 21.
Rxd8 Rxd8 22. f3 g6 23. Nb5 Ne8 24. Rf1 Be7 25. g3 Bxh4 26. gxh4 Bxb5 27. axb5
Rd5 28. c4 Rf5 29. Re1 Kf8 30. Ba3+ Nd6 31. b6 c5 32. Rd1 Ke7 33. Rd5 Ke6 34.
Rxc5 Rxf3 35. Ka2 Rf2+ 36. Bb2 a4 37. Rc7 axb3+ 38. Kxb3 Rf3+ 39. Kc2 Rf5 40.
c5 Nb5 41. Rxb7 Rxc5+ 42. Kb3 Nd6 43. Rb8 Rb5+ 44. Kc2 Kd5 45. h5 gxh5 46. Rh8
Nc4 47. Bc3 Nxb6 48. Rxh7 Ke6 49. Rh6+ Kd7 50. h4 Nd5 51. Bd2 Ne7 52. Bg5 Rf5
53. Kd3 Ke8 54. Ke4 1/2-1/2

[Event "2. Bundesliga West 2015/16"]
[Site "Voels Theatersaal"]
[Date "2016.01.22"]
[Round "6"]
[Board "5"]
[White "Niedermair, Hannes"]
[Black "Proyer, Enno"]
[Result "0-1"]
[WhiteElo "1990"]
[BlackElo "1906"]
[PlyCount "80"]
[EventDate "2015.10.16"]
[EventType "team"]
[EventRounds "11"]
[EventCountry "AUT"]
[WhiteTeam "Pradl"]
[BlackTeam "Dornbirn"]

1. b3 d5 2. Bb2 Nf6 3. e3 e6 4. f4 c5 5. Nf3 Nc6 6. Bb5 Be7 7. O-O O-O 8. Bxc6
bxc6 9. Ne5 Qc7 10. d3 a5 11. a4 Rd8 12. Qe1 Ne8 13. Nd2 Ba6 14. Rf2 Nd6 15. c4
Nf5 16. Qe2 Rdb8 17. g4 Nd6 18. Rb1 Ne8 19. g5 d4 20. exd4 cxd4 21. Qh5 g6 22.
Qh4 Ng7 23. Ng4 Nf5 24. Qh3 h5 25. gxh6 Bh4 26. h7+ Kh8 27. Rff1 Qe7 28. Ba1 c5
29. Nf3 Bb7 30. Nxh4 Qxh4 31. Qxh4 Nxh4 32. Ne5 Kg7 33. Bb2 f6 34. h8=Q+ Rxh8
35. Nd7 Rac8 36. Ba3 Nf3+ 37. Kf2 Rxh2+ 38. Kg3 Rch8 39. Nxc5 R8h3+ 40. Kg4 f5#
 0-1

[Event "2. Bundesliga West 2015/16"]
[Site "Voels Theatersaal"]
[Date "2016.01.22"]
[Round "6"]
[Board "6"]
[White "Ausserer, Felix"]
[Black "Nussbaumer, Leon"]
[Result "0-1"]
[WhiteElo "1901"]
[BlackElo "1890"]
[PlyCount "41"]
[EventDate "2015.10.16"]
[EventType "team"]
[EventRounds "11"]
[EventCountry "AUT"]
[WhiteTeam "Dornbirn"]
[BlackTeam "Pradl"]

1. e4 c5 2. Nf3 e6 3. d4 cxd4 4. Nxd4 a6 5. Nc3 Qc7 6. Nb3 Nf6 7. Bd3 b5 8. O-O
Bb7 9. f3 Bd6 10. f4 b4 11. e5 Bc5+ 12. Nxc5 Qxc5+ 13. Rf2 bxc3 14. exf6 gxf6
15. Qg4 Nc6 16. Qg7 Ke7 17. bxc3 Rag8 18. Qh6 Ne5 19. Bf1 Nf3+ 20. Kh1 Qxf2 21.
Ba3+ 0-1

[Event "2. Bundesliga West 2015/16"]
[Site "Voels Theatersaal"]
[Date "2016.01.22"]
[Round "6"]
[Board "1"]
[White "Spornberger, Maximilian"]
[Black "Kessler, Luca"]
[Result "0-1"]
[WhiteElo "2347"]
[BlackElo "2324"]
[PlyCount "100"]
[EventDate "2015.10.16"]
[EventType "team"]
[EventRounds "11"]
[EventCountry "AUT"]
[WhiteTeam "Rochade Rum"]
[BlackTeam "Goetzis 2"]

1. e4 c5 2. c3 Nf6 3. e5 Nd5 4. d4 cxd4 5. Nf3 e6 6. cxd4 d6 7. Bc4 Be7 8. O-O
O-O 9. Qe2 b6 10. Nc3 Nxc3 11. bxc3 Bb7 12. Bf4 Qc7 13. Rfe1 Bxf3 14. Qxf3 Qxc4
15. Qxa8 Nc6 16. Qb7 d5 17. a4 Bd8 18. Qd7 Be7 19. Reb1 Rd8 20. Qc7 Re8 21. Bc1
Bd8 22. Qc8 Nxe5 23. Qb8 Nc6 24. Qg3 Na5 25. Bh6 Bf6 26. Rb4 Qe2 27. Bg5 Bxg5
28. Qxg5 h6 29. Qg3 Rc8 30. Rc1 Qa2 31. Qd3 Qa3 32. Rbb1 Qxa4 33. f4 Qc4 34.
Qf3 Nb3 35. Rd1 a5 36. f5 exf5 37. Qxf5 a4 38. Rf1 Rf8 39. Rf3 Nd2 40. Rg3 Ne4
41. Rxb6 Nxg3 42. hxg3 a3 43. Qc2 a2 44. Qb2 Re8 45. Kh2 Qa4 46. Qa1 Re2 47.
Rb8+ Kh7 48. Qf1 Qc2 49. Rb2 Rxg2+ 50. Kh1 Rf2 0-1

[Event "2. Bundesliga West 2015/16"]
[Site "Voels Theatersaal"]
[Date "2016.01.22"]
[Round "6"]
[Board "2"]
[White "Gauss, Gustav"]
[Black "Gatterer, Florian"]
[Result "1/2-1/2"]
[WhiteElo "2182"]
[BlackElo "2223"]
[PlyCount "74"]
[EventDate "2015.10.16"]
[EventType "team"]
[EventRounds "11"]
[EventCountry "AUT"]
[WhiteTeam "Goetzis 2"]
[BlackTeam "Rochade Rum"]

1. d4 d6 2. e4 Nf6 3. Nc3 c6 4. Nf3 Bg4 5. h3 Bh5 6. Bg5 e6 7. g4 Bg6 8. Qe2
Be7 9. Bxf6 Bxf6 10. Bg2 e5 11. O-O-O Qc7 12. h4 h5 13. g5 Be7 14. Bh3 O-O 15.
Bf5 b5 16. Qd3 Re8 17. Kb1 Bf8 18. Rhe1 Kh8 19. dxe5 dxe5 20. Qe3 Bd6 21. Nd2
Na6 22. Nb3 Rad8 23. Re2 Be7 24. Red2 Rxd2 25. Rxd2 Rd8 26. Rxd8+ Bxd8 27. Qd3
Be7 28. Ne2 Nc5 29. Qf3 Nxb3 30. axb3 Kg8 31. Qe3 Bb4 32. c3 Ba5 33. f4 Bb6 34.
Qf3 Qd6 35. Kc2 Bc7 36. Bxg6 fxg6 37. fxe5 Qxe5 1/2-1/2

[Event "2. Bundesliga West 2015/16"]
[Site "Voels Theatersaal"]
[Date "2016.01.22"]
[Round "6"]
[Board "3"]
[White "Spornberger, Andre"]
[Black "Scheffknecht, Philipp"]
[Result "1-0"]
[WhiteElo "2108"]
[BlackElo "2152"]
[PlyCount "73"]
[EventDate "2015.10.16"]
[EventType "team"]
[EventRounds "11"]
[EventCountry "AUT"]
[WhiteTeam "Rochade Rum"]
[BlackTeam "Goetzis 2"]

1. e4 c5 2. d4 cxd4 3. c3 d3 4. Bxd3 d6 5. c4 Nf6 6. b3 e6 7. Nc3 Be7 8. Nf3
Nbd7 9. O-O O-O 10. Be3 b6 11. Qe2 Bb7 12. Rfd1 Rc8 13. Rac1 Qc7 14. Bf4 Qb8
15. Bb1 a6 16. h3 Rfd8 17. Nd4 Qa8 18. Bh2 Nc5 19. Re1 b5 20. cxb5 axb5 21.
Ndxb5 Nfxe4 22. Nxe4 Nxe4 23. Rxc8 Rxc8 24. Bxe4 Bxe4 25. Bxd6 Bxg2 26. Bxe7
Bf3 27. Qe3 Bh1 28. Qg3 Qd5 29. a4 g6 30. Kh2 Bf3 31. Bf6 h5 32. Qg5 Rc2 33.
Qxd5 Bxd5 34. Kg1 Bxb3 35. Nd4 Rc3 36. Rb1 g5 37. Rxb3 1-0

[Event "2. Bundesliga West 2015/16"]
[Site "Voels Theatersaal"]
[Date "2016.01.22"]
[Round "6"]
[Board "4"]
[White "Kranz, Armin"]
[Black "Hengl, Christian"]
[Result "1/2-1/2"]
[WhiteElo "2131"]
[BlackElo "2245"]
[PlyCount "71"]
[EventDate "2015.10.16"]
[EventType "team"]
[EventRounds "11"]
[EventCountry "AUT"]
[WhiteTeam "Goetzis 2"]
[BlackTeam "Rochade Rum"]

1. d4 d5 2. Nf3 Nf6 3. c4 c6 4. Nc3 a6 5. Ne5 e6 6. Bf4 Bd6 7. e3 O-O 8. Bd3
dxc4 9. Bxc4 Nd5 10. Bg3 f6 11. Nd3 Qe7 12. Ne4 Bxg3 13. hxg3 Nd7 14. Rc1 Rd8
15. a3 Nf8 16. Qc2 Bd7 17. Nf4 Be8 18. Nc5 Bf7 19. Bd3 g6 20. O-O Qc7 21. Rfd1
Re8 22. Nxd5 exd5 23. b4 Re7 24. a4 Qd6 25. b5 axb5 26. axb5 cxb5 27. Bxb5 Ne6
28. Qb2 Qb6 29. Nxe6 Bxe6 30. Rd2 Rc7 31. Rxc7 Qxc7 32. Rc2 Qa5 33. Rc1 Qb6 34.
Rc2 Qa5 35. Rc1 Qb6 36. Rc2 1/2-1/2

[Event "2. Bundesliga West 2015/16"]
[Site "Voels Theatersaal"]
[Date "2016.01.22"]
[Round "6"]
[Board "5"]
[White "Hoellrigl, Wilfried"]
[Black "Natter, Markus"]
[Result "1-0"]
[WhiteElo "2153"]
[BlackElo "2005"]
[PlyCount "87"]
[EventDate "2015.10.16"]
[EventType "team"]
[EventRounds "11"]
[EventCountry "AUT"]
[WhiteTeam "Rochade Rum"]
[BlackTeam "Goetzis 2"]

1. e4 d5 2. exd5 Qxd5 3. Nc3 Qd6 4. d4 Nf6 5. Nf3 c6 6. Ne5 Nbd7 7. Bf4 Nd5 8.
Nxd5 Qxd5 9. Be2 Nxe5 10. dxe5 Qa5+ 11. c3 Bf5 12. O-O e6 13. b4 Qc7 14. Qb3
Be7 15. Rad1 O-O 16. g4 Bg6 17. Bg3 b5 18. f4 Be4 19. Bf3 Bd5 20. Qb1 a5 21. a3
axb4 22. axb4 Ra3 23. Qc1 Rfa8 24. f5 Bf8 25. f6 gxf6 26. Bf4 Ra2 27. Qe3 Qa7
28. Rd4 Ra1 29. Rxa1 Qxa1+ 30. Rd1 Qa7 31. Qxa7 Rxa7 32. Bxd5 cxd5 33. exf6 h6
34. Kf2 Ra2+ 35. Ke3 Ra3 36. Kd4 Ra2 37. Bd2 Kh7 38. h4 h5 39. g5 Ra3 40. Kd3
Ra4 41. Kc2 Ra8 42. Kb3 Kg8 43. Be3 Ra4 44. Rd2 1-0

[Event "2. Bundesliga West 2015/16"]
[Site "Voels Theatersaal"]
[Date "2016.01.22"]
[Round "6"]
[Board "6"]
[White "Bacquele, Fabrice"]
[Black "Jedinger, Andreas"]
[Result "1/2-1/2"]
[WhiteElo "1964"]
[BlackElo "2105"]
[PlyCount "75"]
[EventDate "2015.10.16"]
[EventType "team"]
[EventRounds "11"]
[EventCountry "AUT"]
[WhiteTeam "Goetzis 2"]
[BlackTeam "Rochade Rum"]

1. e4 e5 2. Nf3 Nc6 3. Bb5 a6 4. Bxc6 dxc6 5. O-O Qd6 6. Na3 b5 7. c3 c5 8. Nc2
Ne7 9. a4 Bb7 10. axb5 axb5 11. Rxa8+ Bxa8 12. Re1 Ng6 13. Na3 Qd7 14. d4 cxd4
15. cxd4 Bb4 16. Bd2 Bxa3 17. bxa3 O-O 18. Bb4 Rd8 19. Bc5 Qg4 20. h3 Qf4 21.
d5 Qf6 22. Qa1 Bb7 23. Qb2 Bc8 24. Re3 Bd7 25. Qc3 Re8 26. Bb4 c6 27. Qc5 Nf4
28. Qa7 Bxh3 29. gxh3 Qg6+ 30. Kf1 Qg2+ 31. Ke1 Qh1+ 32. Kd2 Qf1 33. Nxe5 Qxf2+
34. Kc3 Ne2+ 35. Kd3 Nc1+ 36. Kc3 Ne2+ 37. Kd3 Nc1+ 38. Kc3 1/2-1/2